[Event "AUS-ch U16"]
[Site "Mooroolbark"]
[Date "2011.01.16"]
[Round "2"]
[White "Cook, Jamie"]
[Black "Simmonds, Leteisha Simone"]
[Result "0-1"]
[WhiteElo "628"]
[BlackElo "1483"]
[PlyCount "124"]
[EventDate "2011.01.15"]
[EventType "swiss"]
[EventRounds "9"]
[EventCountry "AUS"]
[SourceTitle "EXT 2013"]
[Source "ChessBase"]
[SourceDate "2012.11.22"]
[SourceVersion "1"]
[SourceVersionDate "2012.11.22"]
[SourceQuality "1"]

1. e4 e6 2. c4 d5 3. cxd5 exd5 4. exd5 Qxd5 5. Nc3 Qd8 6. Nf3 Nf6 7. d4 Be6 8. Bg5 c6 9. Be2 Be7 10. 0-0 h6 11. Bh4 0-0 12. b3 Nd5 13. Bxe7 Qxe7 14. Nxd5 Bxd5 15. Re1 Qd6 16. Rc1 Nd7 17. Bc4 Nf6 18. h3 Rad8 19. Rc3 Rfe8 20. Bxd5 Rxe1+ 21. Nxe1 Nxd5 22. Rg3 Nf6 23. Rd3 Re8 24. Nf3 Kf8 25. Qd2 Nd5 26. Re3 Nxe3 27. fxe3 c5 28. Qf2 cxd4 29. Nxd4 Qe5 30. Nc2 Qe4 31. Kf1 Qd3+ 32. Kg1 Rc8 33. Ne1 Qe4 34. Kf1 Ke7 35. Kg1 Rc3 36. Kh2 Rxe3 37. Nf3 b6 38. Kh1 g5 39. Kh2 f5 40. Kh1 f4 41. Kg1 Re2 42. Qf1 Qe3+ 43. Kh1 Qf2 44. Qxf2 Rxf2 45. a4 Kd6 46. b4 Rb2 47. b5 Rb4 48. Kh2 Rxa4 49. Kg1 Re4 50. Kf2 Kc5 51. Nd2 Re8 52. Kf3 Kxb5 53. Kf2 a5 54. Kf3 h5 55. Kf2 a4 56. g3 fxg3+ 57. Kxg3 a3 58. h4 g4 59. Kf4 a2 60. Nb3 Kc4 61. Na1 Kc3 62. Kg3 Kb2 0-1